000 00503pab a2200181 454500
008 180718b2014 xxu||||| |||| 00| 0 eng d
100 _aElling, Richard
245 _aWhat should we do? Public attitudes about how local government officials should confront fiscal stress
260 _c2014
300 _ap.380-402.
362 _aJun
650 _aLocal government
700 _aCarr, Jered
700 _aKrawczyk, Kelly
773 _aLocal Government Studies
908 _aN
909 _a104888
999 _c104883
_d104883